LDR 00708naa#a2200205#i#450# 001 EN\\bibl\117556 005 20260502034144.6 011 ## _a2413-046X 100 ## _a20260421b2026####ek#y0engy0150####ca 102 ## _aRU 200 1# _aPRACTICAL ASPECTS OF THE APPLICATION OF AUTOCORRELATION ANALYSIS TO PREDICT THE PERFORMANCE OF AN ENTERPRISE _eJournal article 210 1# _aMoscow _cElectronic science _d2026 215 ## _a10 с. 608 ## _aJournal article _2local 675 ## _aЭконометрия. 330.43 _z 700 #1 _aParaskevopulo _gOlga Rigasovna 700 #1 _aGelmiyarova _gViktoriya Nikolaevna 700 #1 _aMilyaev _gKonstantin Konstantinovich 700 #1 _aSvischeva _gAnastasiya Leonidovna 856 4# _ae-integral.ru _u